|
|
|
|
| LEADER |
01603nam a22003737a 4500 |
| 001 |
29996 |
| 003 |
BD-DhAAL |
| 005 |
20151011105720.0 |
| 008 |
150709s1982 bg ||||| |||| 00| 0 eng d |
| 040 |
|
|
|a BD-DhAAL
|c BD-DhAAL
|
| 082 |
|
|
|2 22
|a 307.1412095492
|
| 999 |
|
|
|c 35733 | 35733 | 35733 | 35733 | 34998 | 34994 | 34994 | 34994 | 34994 | 34994 | 34988 | 35733 | 35733 | 34998 | 34994 | 34994 | 34994 | 34994 | 34994 | 34988
|d 35733
|
| 999 |
|
|
|c 35733 | 35733 | 35733 | 35733 | 34998 | 34994 | 34994 | 34994 | 34994 | 34994 | 34988 | 35733 | 35733 | 34998 | 34994 | 34994 | 34994 | 34994 | 34994 | 34988
|
| 999 |
|
|
|c 35733 | 35733 | 35733 | 34998 | 34994 | 34994 | 34994 | 34994 | 34994 | 34988
|
| 999 |
|
|
|c 35733
|
| 999 |
|
|
|c 35733
|
| 999 |
|
|
|c 34998
|
| 999 |
|
|
|c 34994
|
| 999 |
|
|
|c 34994
|
| 999 |
|
|
|c 34994
|
| 999 |
|
|
|c 34994
|
| 999 |
|
|
|c 34994
|
| 999 |
|
|
|c 34988
|
| 245 |
|
|
|a Boraigram baseline survey :
|b February 1982, volume I & II
|
| 260 |
|
|
|a Dhaka :
|b Research and Evaluation Division, BRAC,
|c 1982
|
| 300 |
|
|
|a 101 p. :
|c 34 cm.
|b ill. ;
|
| 541 |
|
|
|e 29996
|
| 610 |
|
|
|a BRAC
|9 15229
|
| 650 |
|
|
|a Rural Development
|9 7235
|z Bangladesh
|
| 710 |
|
|
|a BRAC
|9 12971
|
| 852 |
|
|
|a Ayesha Abed Library
|b BRAC Resource Section
|
| 942 |
|
|
|2 ddc
|c BK
|
| 952 |
|
|
|0 0
|1 0
|2 ddc
|4 0
|6 307_141209549200000_BOR
|7 0
|9 56195
|a BRACUL
|b BRACUL
|c BRS
|d 2015-10-10
|e BRAC
|l 0
|o 307.1412095492 BOR
|p 3010029996
|r 2015-10-10
|t 1
|w 2015-10-10
|y BK
|
| 952 |
|
|
|0 0
|1 0
|2 ddc
|4 0
|6 307_141209549200000_BOR
|7 0
|9 56245
|a BRACUL
|b BRACUL
|c BRS
|d 2015-10-11
|e BRAC
|l 0
|o 307.1412095492 BOR
|p 3010029997
|r 2015-10-11
|t 2
|w 2015-10-11
|y BK
|